Football & history puzzle - Statistics

General Stats
  • This quiz has been taken 7 times
  • The average score is 3 of 15
Answer Stats
Player Ruler % Correct
Gary Lineker Henry VIII (Leicester, England)
67%
Jean-Pierre Papin Louis XIV (Marseille, France)
67%
Xavi Ferdinand II & Isabella, (Barcelona, Spain)
33%
Shunsuke Nakamura Hirohito (Yokohama F. Marinos, Japan)
33%
Franz Beckenbauer Charlemagne (Bayern, Holy Roman Empire)
17%
Youri Djorkaeff Prince Albert II (Monaco, Monaco)
17%
Ally McCoist Robert the Bruce (Rangers, Scotland)
17%
Siphelele Zulu Shaka (Durban City, Zulu Nation)
17%
Johann Cruyff William of Orange (Ajax, Netherlands)
17%
Vahid Hamdinejad Darius (Naft Tehran, Persia)
0%
Per Nielsen Harald Bluetooth (Brondby, Denmark)
0%
Gcina Mazibuko Mswati III (Royal Leopard FC, Swaziland)
0%
Roman Pavlyuchenko Nicholas II (Spartak Moscow, Russia)
0%
Francesco Totti Pope John Paul II (Roma, Papal States)
0%
Laulea Taufa Tupou VI (Lotohaʻapai United, Tonga)
0%
No matching quizzes found
Score Distribution
Percent of People with Each Score
Percentile by Number Answered
Your Score History
You have not taken this quiz